000 00740nam a2200193Ia 4500
003 GCL
008 140319s9999 xx 000 0 ara d
040 _aGCL /
_cGCL
082 0 4 _a657.450285
_bن ن
100 1 _aناصر نورالدين عبداللطيف
245 1 0 _aنظم المعلومات المحاسبية ومعالجة البيانات والبرامج الجاهزة /
_cناصر نورالدين عبداللطيف
260 _aالقاهرة :
_bالدار الجامعية ،
_c2007
300 _a456 ص ؛
_c26 سم
650 0 4 _aالمحاسبة الالية
650 0 4 _aالحاسبات الالكترونية
650 0 4 _aنظم المعلومات
650 0 4 _aاتخاذ القرارات
942 _2ddc
_cBK
999 _c9291
_d9291